[Event "Canada Int. op U1500"]
[Site "Contrecoeur CAN"]
[Date "2022.10.07"]
[Round "1.52"]
[White "Lambert, Denis"]
[Black "Fontaine, Real"]
[Result "0-1"]
[WhiteElo "1266"]
[BlackElo "1458"]
[PlyCount "90"]
[EventDate "2022.10.07"]
[EventType "swiss"]
[EventRounds "5"]
[EventCountry "CAN"]

1. e4 g6 2. d4 Bg7 3. Nf3 d6 4. Bc4 e6 5. c3 a6 6. O-O b6 7. a4 Bb7 8. Re1 Ne7
9. Bg5 Nd7 10. Qd2 h6 11. Bh4 g5 12. Bg3 Nf8 13. Qe2 Nfg6 14. h3 O-O 15. Bd3 f5
16. Nbd2 f4 17. Bh2 Kh8 18. Nxg5 hxg5 19. Qh5+ Kg8 20. Nf3 Bf6 21. Nxg5 Bxg5
22. Qxg5 e5 23. Rad1 Kg7 24. Qg4 Bc8 25. Qe2 Nc6 26. d5 Nb8 27. Qc2 Qg5 28. g4
Rh8 29. Bf1 Nh4 30. Rd3 Nd7 31. f3 Nc5 32. Red1 Nxd3 33. Rxd3 Ng6 34. Kf2 Nf8
35. Bg1 Nd7 36. b4 a5 37. Qb3 axb4 38. cxb4 Ba6 39. Rc3 Bxf1 40. Rxc7 Rad8 41.
Kxf1 Rxh3 42. Rc3 Rdh8 43. Qc2 Qh4 44. Rc7 Rxf3+ 45. Ke2 Qxg4 0-1

[Event "Canada Int. op U1500"]
[Site "Contrecoeur CAN"]
[Date "2022.10.07"]
[Round "1.53"]
[White "Jutras, Arnaud"]
[Black "Soskic, Milan"]
[Result "1-0"]
[WhiteElo "1457"]
[BlackElo "1260"]
[PlyCount "81"]
[EventDate "2022.10.07"]
[EventType "swiss"]
[EventRounds "5"]
[EventCountry "CAN"]

1. c4 Nf6 2. Nf3 g6 3. g3 Bg7 4. Bg2 O-O 5. O-O d6 6. d4 Nbd7 7. Nc3 Re8 8. e4
e5 9. d5 Rf8 10. Rb1 Nh5 11. b4 b6 12. Re1 f6 13. Be3 Rf7 14. Na4 Nf8 15. c5 f5
16. exf5 Bxf5 17. Rc1 Bg4 18. h3 Bc8 19. Nc3 Nf6 20. Qd2 h5 21. Bh6 Bh8 22. Ng5
Re7 23. Bxf8 Qxf8 24. Ne6 Bxe6 25. dxe6 Rd8 26. cxb6 cxb6 27. Qg5 Qg7 28. Nd5
Nxd5 29. Bxd5 Qf6 30. Qxf6 Bxf6 31. Rc6 Kf8 32. Rec1 g5 33. Rc7 a6 34. a4 a5
35. b5 Rb8 36. R7c6 Rd8 37. Rxb6 e4 38. Rc4 Rg7 39. Rxe4 Be5 40. Rc4 Re7 41.
Ra6 1-0

[Event "Canada Int. op U1500"]
[Site "Contrecoeur CAN"]
[Date "2022.10.07"]
[Round "1.54"]
[White "Ouellette, Daniel"]
[Black "Creo, Jeremie-Thomas"]
[Result "0-1"]
[WhiteElo "1258"]
[BlackElo "1447"]
[PlyCount "128"]
[EventDate "2022.10.07"]
[EventType "swiss"]
[EventRounds "5"]
[EventCountry "CAN"]

1. c4 c5 2. e4 d6 3. d3 Nf6 4. Be2 g6 5. f4 Nc6 6. Nf3 Bg4 7. O-O Bg7 8. Kh1 e5
9. Nc3 h5 10. Nd5 Nxd5 11. cxd5 Nd4 12. Nxd4 exd4 13. Bxg4 hxg4 14. Qxg4 Qh4
15. Qxh4 Rxh4 16. g3 Rh5 17. Kg2 f5 18. Bd2 Kd7 19. h4 Re8 20. Rae1 fxe4 21.
dxe4 d3 22. Bc3 Bxc3 23. bxc3 c4 24. Kf3 b5 25. Rb1 a6 26. a4 Rb8 27. Ke3 Rh7
28. Rb4 Re7 29. Rfb1 Rbe8 30. Kf3 Rxe4 31. axb5 a5 32. Ra4 Re1 33. Raa1 d2 34.
Rd1 R8e3+ 35. Kf2 Rxd1 36. Rxd1 Rxc3 37. Rxd2 Rb3 38. Rc2 c3 39. Ke3 Rxb5 40.
Rxc3 Rxd5 41. Ke4 Rc5 42. Ra3 Kc6 43. Ra4 Kb5 44. Ra1 a4 45. Rb1+ Kc4 46. Rd1
Rc6 47. Ra1 Kb3 48. Rb1+ Ka2 49. Rb5 Rc5 50. Rb6 a3 51. Kd4 Rc2 52. Kd5 Rg2 53.
Kxd6 Rxg3 54. Ke5 Rg4 55. Ke4 Rxh4 56. Rxg6 Kb2 57. Rb6+ Kc1 58. Rc6+ Kb2 59.
Rb6+ Kc3 60. Rc6+ Kb4 61. Kf5 a2 62. Ra6 Rh5+ 63. Kg4 Ra5 64. Rb6+ Ka4 0-1

[Event "Canada Int. op U1500"]
[Site "Contrecoeur CAN"]
[Date "2022.10.07"]
[Round "1.55"]
[White "Breton, Jules"]
[Black "Mourad, Michel"]
[Result "0-1"]
[WhiteElo "1445"]
[BlackElo "1235"]
[PlyCount "112"]
[EventDate "2022.10.07"]
[EventType "swiss"]
[EventRounds "5"]
[EventCountry "CAN"]

1. c4 e5 2. Nc3 Bb4 3. Qc2 Nc6 4. e3 Nf6 5. a3 Be7 6. Be2 d6 7. d3 O-O 8. h3
Bf5 9. Bf3 Qd7 10. Nge2 Rab8 11. Ng3 Bg6 12. O-O Na5 13. Qd1 h6 14. b4 Nc6 15.
Bb2 Nh7 16. Nd5 Ng5 17. Bg4 f5 18. Bh5 Bh7 19. f4 Ne6 20. b5 Ncd8 21. fxe5 g6
22. Be2 Nf7 23. d4 dxe5 24. dxe5 Rfd8 25. Qc2 c6 26. Nf4 Bc5 27. Bc1 Nxf4 28.
Rxf4 g5 29. Rf1 f4 30. Ne4 Qf5 31. Bf3 Qxe5 32. Bb2 Bxe3+ 33. Kh1 Bd4 34. Ra2
Bxb2 35. Rxb2 Nd6 36. Re1 Re8 37. c5 Nxe4 38. Qb3+ Qd5 39. Qb4 Ng3+ 40. Kh2 Qf7
41. bxc6 bxc6 42. Rxe8+ Rxe8 43. Bxc6 Re2 44. Qb8+ Kg7 45. Rb7 Re7 46. Qxa7
Rxb7 47. Bxb7 Be4 48. c6 Qc7 49. Qd4+ Kg6 50. Qc4 f3 51. Qg8+ Kh5 52. Qe8+ Kh4
53. Qd7 Nf1+ 54. Kg1 Qh2+ 55. Kf2 Qxg2+ 56. Ke1 Qe2# 0-1

[Event "Canada Int. op U1500"]
[Site "Contrecoeur CAN"]
[Date "2022.10.07"]
[Round "1.56"]
[White "Poirier, Dany"]
[Black "Lafontaine, Martin"]
[Result "0-1"]
[WhiteElo "1234"]
[BlackElo "1444"]
[PlyCount "52"]
[EventDate "2022.10.07"]
[EventType "swiss"]
[EventRounds "5"]
[EventCountry "CAN"]

1. e4 d6 2. Bc4 Nf6 3. Nc3 g6 4. d4 Bg7 5. h3 O-O 6. Be3 Nxe4 7. Bxf7+ Rxf7 8.
Nxe4 d5 9. Nc3 c5 10. Nf3 Nc6 11. Qd2 e5 12. Bg5 Qf8 13. dxc5 Be6 14. O-O-O d4
15. Ne4 Rc7 16. Kb1 b6 17. Nh2 bxc5 18. Ng4 Bxg4 19. hxg4 c4 20. c3 Rb8 21. Rh3
Rcb7 22. Rdh1 Qa3 23. b3 cxb3 24. c4 bxa2+ 25. Ka1 Rb1+ 26. Rxb1 Rxb1# 0-1

[Event "Canada Int. op U1500"]
[Site "Contrecoeur CAN"]
[Date "2022.10.07"]
[Round "1.57"]
[White "Rauch, Damian"]
[Black "Jiha, Yussuf"]
[Result "1-0"]
[WhiteElo "1443"]
[BlackElo "1224"]
[PlyCount "98"]
[EventDate "2022.10.07"]
[EventType "swiss"]
[EventRounds "5"]
[EventCountry "CAN"]

1. e4 c5 2. c3 d6 3. d4 cxd4 4. cxd4 a6 5. Nc3 e6 6. f4 h5 7. Nf3 Nf6 8. Bd3
Be7 9. O-O b5 10. h3 Bb7 11. Be3 h4 12. Rc1 b4 13. Qa4+ Qd7 14. Qxb4 d5 15. Qb3
dxe4 16. Ne5 Bd5 17. Nxd7 Bxb3 18. Nxf6+ Bxf6 19. Bxe4 Bd5 20. Bxd5 exd5 21.
Nxd5 O-O 22. Nxf6+ gxf6 23. Rc7 Kg7 24. d5 a5 25. d6 Na6 26. Rb7 Nb4 27. d7
Rab8 28. Rxb8 Rxb8 29. Rd1 Nc6 30. Rd6 Nd8 31. Bb6 Kf8 32. Bxa5 Ke7 33. Rd2 Nb7
34. d8=Q+ Nxd8 35. Bxd8+ Rxd8 36. Rxd8 Kxd8 37. Kf2 f5 38. Ke3 Kd7 39. Kd4 Kd6
40. a4 f6 41. b4 Kc6 42. Kc4 Kd6 43. a5 Kc6 44. b5+ Kd6 45. a6 Kc7 46. Kc5 Kb8
47. b6 Ka8 48. Kc6 Kb8 49. b7 Ka7 1-0

[Event "Canada Int. op U1500"]
[Site "Contrecoeur CAN"]
[Date "2022.10.07"]
[Round "1.58"]
[White "Laperle, Benjamin"]
[Black "Bergeron, Jean-Guy"]
[Result "1/2-1/2"]
[WhiteElo "1216"]
[BlackElo "1441"]
[PlyCount "177"]
[EventDate "2022.10.07"]
[EventType "swiss"]
[EventRounds "5"]
[EventCountry "CAN"]

1. e4 Nc6 2. d4 e5 3. d5 Nce7 4. Nc3 Ng6 5. Nf3 Nf6 6. Bd3 Bc5 7. O-O a6 8. a3
d6 9. b4 Ba7 10. Ne2 Bg4 11. Ng3 Nh4 12. Be2 Ng6 13. Nd2 Bxe2 14. Nxe2 Ng4 15.
h3 Nh6 16. Nf3 Nh4 17. Nxh4 Qxh4 18. Bxh6 gxh6 19. Ng3 Qxg3 20. Qd3 Qxd3 21.
cxd3 Rg8 22. Rac1 O-O-O 23. Rc2 Rg3 24. Rfc1 Rd7 25. Rd1 f6 26. Kh2 Rg5 27. f3
Rf7 28. a4 f5 29. Rb1 Be3 30. Rbb2 fxe4 31. dxe4 Bd4 32. Rb1 Rg8 33. Rd1 Kb8
34. Rdc1 Rc8 35. Rc4 Be3 36. R1c2 Bd4 37. Rc1 h5 38. R1c2 h4 39. Rc1 Rg7 40.
R1c2 b6 41. Rc6 h5 42. Rc1 Bb2 43. Rb1 Bd4 44. Rbc1 a5 45. b5 Bc5 46. Rc2 Rcg8
47. Kh1 Rg3 48. Kh2 Rf8 49. Rc3 Rfg8 50. Rc2 R8g7 51. Rd2 Bb4 52. Rb2 Bc5 53.
Rd2 Be3 54. Re2 Bf4 55. Kh1 R3g6 56. Rf2 Bg3 57. Re2 Bf4 58. Rf2 Be3 59. Re2
Bf4 60. Rf2 Rg3 61. Rc3 Kb7 62. Rfc2 R3g6 63. Rc6 Be3 64. Re2 Bd4 65. Rd2 Rg3
66. Kh2 Be3 67. Re2 R7g6 68. Rc3 Bf4 69. Kh1 Rg8 70. Rec2 Rc8 71. Rc6 Rg7 72.
Re2 Rcg8 73. Rf2 Be3 74. Re2 Bc5 75. Rd2 Rg3 76. Rb2 Rf8 77. Rb3 Rfg8 78. Rb2
Bd4 79. Rd2 Be3 80. Re2 R8g7 81. Rc3 Bf4 82. Rc6 Rf7 83. Rc3 Bh6 84. Rec2 Bg5
85. Re2 Bd8 86. Rd2 Bg5 87. Re2 Rg7 88. Rc6 Bf4 89. Rec2 1/2-1/2

[Event "Canada Int. op U1500"]
[Site "Contrecoeur CAN"]
[Date "2022.10.07"]
[Round "1.59"]
[White "Houde Belle-Isle, Raphael"]
[Black "Fournier, Mathieu"]
[Result "1-0"]
[WhiteElo "1418"]
[BlackElo "1214"]
[PlyCount "106"]
[EventDate "2022.10.07"]
[EventType "swiss"]
[EventRounds "5"]
[EventCountry "CAN"]

1. e4 e5 2. Nf3 Nc6 3. Bc4 Nf6 4. d3 h6 5. Nc3 Bc5 6. h3 d6 7. a3 a5 8. Be3
Bxe3 9. fxe3 Be6 10. Bxe6 fxe6 11. O-O O-O 12. d4 exd4 13. Nxd4 Qd7 14. Qe1
Nxd4 15. exd4 e5 16. dxe5 dxe5 17. Rd1 Qc6 18. Qe3 b6 19. Rf2 Rad8 20. Rdd2
Rxd2 21. Rxd2 Nh5 22. Nd5 Kh8 23. Ne7 Qf6 24. Nf5 Nf4 25. Kh2 Rd8 26. Rxd8+
Qxd8 27. g3 Ne6 28. Nxh6 gxh6 29. Qxh6+ Kg8 30. Qxe6+ Kf8 31. Qh6+ Kg8 32. Qe3
Qd1 33. Qg5+ Kf8 34. Qf5+ Kg8 35. Qg4+ Qxg4 36. hxg4 Kg7 37. Kh3 a4 38. Kh4 Kh6
39. g5+ Kg6 40. Kg4 c6 41. c4 b5 42. cxb5 cxb5 43. Kh4 Kh7 44. Kh5 Kg7 45. g6
Kg8 46. Kg5 Kg7 47. Kf5 Kf8 48. Kxe5 Kg8 49. Kd6 Kh8 50. Kd7 Kg8 51. e5 Kf8 52.
e6 Kg7 53. e7 b4 1-0

[Event "Canada Int. op U1500"]
[Site "Contrecoeur CAN"]
[Date "2022.10.07"]
[Round "1.60"]
[White "Lauzon, Francois"]
[Black "Perusse, Jacques"]
[Result "0-1"]
[WhiteElo "1204"]
[BlackElo "1408"]
[PlyCount "78"]
[EventDate "2022.10.07"]
[EventType "swiss"]
[EventRounds "5"]
[EventCountry "CAN"]

1. c4 e5 2. g3 Nf6 3. Nc3 c6 4. Bg2 d5 5. cxd5 cxd5 6. e3 Be6 7. Nge2 Nc6 8. a3
Bd6 9. O-O Rc8 10. b4 a6 11. Bb2 O-O 12. d4 e4 13. Kh1 Qd7 14. Ng1 Ne7 15. Nce2
Bg4 16. f3 exf3 17. Bxf3 Bxf3+ 18. Rxf3 Ne4 19. Kg2 Nf5 20. Bc1 Rc6 21. Qb3 Bb8
22. Nh3 g5 23. Nf2 g4 24. Nxg4 Nh4+ 25. gxh4 Qxg4+ 26. Ng3 Rxc1 27. Rxc1 Nd2
28. Qxd5 Nxf3 29. Qxf3 Qxh4 30. Rh1 Qg5 31. h4 Qg6 32. h5 Qc2+ 33. Kh3 Qc7 34.
Rg1 f5 35. h6 Kh8 36. Kg2 Rg8 37. Kf2 Qc2+ 38. Qe2 Bxg3+ 39. Kf3 Qe4# 0-1

[Event "Canada Int. op U1500"]
[Site "Contrecoeur CAN"]
[Date "2022.10.07"]
[Round "1.61"]
[White "Moisan, Pier-Philippe"]
[Black "Couture, Francois"]
[Result "1-0"]
[WhiteElo "1397"]
[BlackElo "1188"]
[PlyCount "85"]
[EventDate "2022.10.07"]
[EventType "swiss"]
[EventRounds "5"]
[EventCountry "CAN"]

1. e4 e5 2. Nf3 Nc6 3. Bc4 Nf6 4. Ng5 d5 5. exd5 Nxd5 6. Nxf7 Kxf7 7. Qf3+ Qf6
8. Bxd5+ Ke8 9. Bxc6+ bxc6 10. Qc3 Be7 11. Qb3 Bc5 12. O-O Rf8 13. Qg3 Bd6 14.
Nc3 Bf5 15. d3 e4 16. Qe3 Kd7 17. d4 Rfe8 18. Ne2 Bg6 19. Qg5 Rf8 20. Qxf6 Rxf6
21. Be3 a6 22. c4 Bh5 23. Nc3 Re8 24. c5 Bf4 25. Bxf4 Rxf4 26. g3 Rf3 27. Rad1
Rd3 28. Rxd3 exd3 29. f3 d2 30. Kf2 Rf8 31. Ke2 Rb8 32. b3 Rb4 33. Kxd2 Rxd4+
34. Ke3 Rb4 35. Rd1+ Ke6 36. g4 Be8 37. Rd4 Rb8 38. h4 Bd7 39. f4 Be8 40. f5+
Ke5 41. Re4+ Kf6 42. Kf4 Bf7 43. g5# 1-0

[Event "Canada Int. op U1500"]
[Site "Contrecoeur CAN"]
[Date "2022.10.07"]
[Round "1.62"]
[White "Gougeon, Patrick"]
[Black "Wilson, Renald"]
[Result "1/2-1/2"]
[WhiteElo "1181"]
[BlackElo "1397"]
[PlyCount "102"]
[EventDate "2022.10.07"]
[EventType "swiss"]
[EventRounds "5"]
[EventCountry "CAN"]

1. f4 Nf6 2. Nf3 d6 3. e3 Nc6 4. Bb5 Bd7 5. O-O a6 6. Bxc6 Bxc6 7. b3 g6 8. Bb2
Bg7 9. Na3 O-O 10. c3 Nd5 11. Nc2 e6 12. Rb1 Ne7 13. c4 Nf5 14. Bxg7 Kxg7 15.
Qe1 Re8 16. e4 Ne7 17. d3 f5 18. Ncd4 Bd7 19. Qc3 Kg8 20. Ng5 Nc6 21. exf5 exf5
22. Rbe1 Qf6 23. Ngf3 Nxd4 24. Qxd4 Qxd4+ 25. Nxd4 c5 26. Nf3 Bc6 27. Kf2 h6
28. Re2 Rxe2+ 29. Kxe2 Re8+ 30. Kf2 Kf7 31. Re1 Rxe1 32. Nxe1 Kf6 33. Nc2 d5
34. d4 b6 35. dxc5 bxc5 36. cxd5 Bxd5 37. Ne3 Bc6 38. a3 Ke6 39. g4 Bb5 40.
gxf5+ gxf5 41. b4 cxb4 42. axb4 Bd3 43. h4 h5 44. Ke1 Kd6 45. Kd2 Be4 46. Kc3
Kc6 47. Nc4 Bb1 48. Ne3 Be4 49. Nf1 Bf3 50. Ng3 Bg4 51. Nf1 Kd6 1/2-1/2

[Event "Canada Int. op U1500"]
[Site "Contrecoeur CAN"]
[Date "2022.10.07"]
[Round "1.63"]
[White "Chira, Dan"]
[Black "Tremblay, Xavier"]
[Result "1/2-1/2"]
[WhiteElo "1372"]
[BlackElo "1146"]
[PlyCount "123"]
[EventDate "2022.10.07"]
[EventType "swiss"]
[EventRounds "5"]
[EventCountry "CAN"]

1. Nf3 d5 2. d4 Bf5 3. Bf4 Nc6 4. e3 Nf6 5. c4 e6 6. a3 a5 7. Nc3 Be7 8. Nb5
Bd6 9. Ne5 Bxe5 10. dxe5 Nd7 11. cxd5 Ncxe5 12. d6 O-O 13. dxc7 Qe7 14. Nd6 Bc2
15. Qd4 Nc6 16. Qc3 Bg6 17. c8=Q Raxc8 18. Nxc8 Rxc8 19. Be2 Nb6 20. O-O Nd5
21. Qc4 Qd7 22. Rfd1 Nce7 23. Qb5 Qxb5 24. Bxb5 Rc2 25. Bd3 Bxd3 26. Rxd3 h6
27. Be5 Nc6 28. Bc3 Nxc3 29. bxc3 Ne5 30. Rd8+ Kh7 31. Rc8 b6 32. Rc7 Kg6 33.
a4 Ng4 34. Rf1 Ra2 35. Rc4 Ne5 36. Rd4 Rc2 37. f3 Rxc3 38. Kf2 f5 39. e4 Nd3+
40. Kg3 f4+ 41. Kg4 h5+ 42. Kh4 Ne5 43. Rd6 Kf6 44. Kh3 g5 45. g3 Nxf3 46. Kg2
g4 47. Rxb6 fxg3 48. hxg3 Ra3 49. Rb5 Rxa4 50. Rxh5 e5 51. Rh6+ Kg5 52. Ra6 Ra3
53. Rf2 Ne1+ 54. Kf1 Nf3 55. Kg2 Ra4 56. Re2 Ra1 57. Kf2 a4 58. Ra5 a3 59. Re3
Ra2+ 60. Re2 Ra1 61. Re3 Ra2+ 62. Re2 1/2-1/2

[Event "Canada Int. op U1500"]
[Site "Contrecoeur CAN"]
[Date "2022.10.07"]
[Round "1.64"]
[White "Perron, Bernard"]
[Black "Grenier, Julien"]
[Result "0-1"]
[WhiteElo "1032"]
[BlackElo "1351"]
[PlyCount "98"]
[EventDate "2022.10.07"]
[EventType "swiss"]
[EventRounds "5"]
[EventCountry "CAN"]

1. e4 d5 2. exd5 Nf6 3. Nc3 Nxd5 4. Nge2 Nc6 5. d4 Nxc3 6. bxc3 Bg4 7. f3 Bf5
8. Ng3 Bg6 9. Be2 e6 10. O-O Be7 11. Be3 O-O 12. Bd3 f5 13. f4 Bh4 14. Bf2 Ne7
15. Qf3 Qd5 16. Qe2 Qc6 17. c4 Qd7 18. Rfe1 Bf7 19. Rad1 Nc6 20. d5 Bxg3 21.
hxg3 exd5 22. cxd5 Nb4 23. Bb5 Qd6 24. Qe5 Qxe5 25. Rxe5 Nxd5 26. Bc4 Nb6 27.
Bb3 Bxb3 28. axb3 g6 29. Bxb6 axb6 30. Re7 Rad8 31. Rdd7 Rxd7 32. Rxd7 Rf7 33.
Rd8+ Kg7 34. Kf2 Kf6 35. Rd4 Ke6 36. Rd3 b5 37. Ke3 b6 38. c3 c5 39. b4 Rd7 40.
Rxd7 Kxd7 41. Kd3 Kd6 42. Ke3 Kd5 43. Kd3 h6 44. g4 c4+ 45. Ke3 fxg4 46. f5
gxf5 47. Kf4 Ke6 48. g3 Kf6 49. Ke3 Ke5 0-1

[Event "Canada Int. op U1500"]
[Site "Contrecoeur CAN"]
[Date "2022.10.08"]
[Round "2.49"]
[White "Grenier, Julien"]
[Black "Auersperg, Leo"]
[Result "1/2-1/2"]
[WhiteElo "1351"]
[BlackElo "1481"]
[PlyCount "85"]
[EventDate "2022.10.07"]
[EventType "swiss"]
[EventRounds "5"]
[EventCountry "CAN"]

1. e4 c6 2. Nf3 d5 3. d3 dxe4 4. Ng5 exd3 5. Bxd3 Nd7 6. Nc3 Ngf6 7. O-O h6 8.
Nge4 e6 9. Nxf6+ Nxf6 10. Bf4 Bd6 11. Qf3 Bxf4 12. Qxf4 O-O 13. Rad1 Qb6 14. b3
Nd5 15. Qe4 Nf6 16. Qf4 Qa5 17. Ne4 Nxe4 18. Qxe4 g6 19. Rfe1 Qc7 20. Qh4 Kh7
21. Qf6 Bd7 22. Re3 Qd8 23. Qe5 Rc8 24. Rh3 f5 25. Qf4 g5 26. Qf3 Qf6 27. Bxf5+
exf5 28. Rxd7+ Kg8 29. Qc3 Qxc3 30. Rxc3 Rcd8 31. Rcd3 Rxd7 32. Rxd7 Rf7 33.
Rxf7 Kxf7 34. Kf1 Ke6 35. Ke2 h5 36. Ke3 Ke5 37. c3 b6 38. a3 a6 39. f3 c5 40.
b4 c4 41. a4 f4+ 42. Ke2 g4 43. h3 1/2-1/2

[Event "Canada Int. op U1500"]
[Site "Contrecoeur CAN"]
[Date "2022.10.08"]
[Round "2.50"]
[White "Nadeem, Mustafa"]
[Black "St-Germain, Jack"]
[Result "0-1"]
[WhiteElo "1319"]
[BlackElo "1461"]
[PlyCount "128"]
[EventDate "2022.10.07"]
[EventType "swiss"]
[EventRounds "5"]
[EventCountry "CAN"]

1. e4 c5 2. c4 Nc6 3. Nc3 g6 4. d3 Bg7 5. Bd2 a6 6. a4 e6 7. Nf3 Nge7 8. Be2 d6
9. O-O O-O 10. Rb1 d5 11. cxd5 exd5 12. Nxd5 Nxd5 13. exd5 Qxd5 14. Bc3 Nd4 15.
Re1 Nxe2+ 16. Qxe2 Bg4 17. Qe4 Qxe4 18. dxe4 Bxf3 19. gxf3 Rfd8 20. Red1 b5 21.
axb5 axb5 22. Kf1 Rxd1+ 23. Rxd1 Bxc3 24. bxc3 Ra3 25. Rc1 b4 26. cxb4 cxb4 27.
Rb1 b3 28. Rb2 Kg7 29. f4 Kh6 30. Kg2 Kh5 31. Kg3 f5 32. f3 Kh6 33. e5 Kg7 34.
Kh4 h6 35. Kg3 Kf7 36. h4 h5 37. Kh3 Ke6 38. Kg3 Kd5 39. Rd2+ Kc4 40. e6 Ra8
41. Kf2 Kc3 42. Ke2 b2 43. Rd3+ Kc2 44. Rd2+ Kb3 45. Rd3+ Ka2 46. Rd2 Ka1 47.
Rxb2 Kxb2 48. Kd3 Re8 49. Ke3 Rxe6+ 50. Kf2 Kc2 51. Kg3 Kd1 52. Kf2 Kd2 53. Kg3
Ke3 54. Kg2 Kxf4 55. Kf2 Re3 56. Kg2 Rxf3 57. Kh2 Rg3 58. Kh1 Rg4 59. Kh2 Ke3
60. Kh3 f4 61. Kh2 f3 62. Kh3 f2 63. Kh2 f1=R 64. Kh3 Rh1# 0-1

[Event "Canada Int. op U1500"]
[Site "Contrecoeur CAN"]
[Date "2022.10.08"]
[Round "2.51"]
[White "Fontaine, Real"]
[Black "Moisan, Pier-Philippe"]
[Result "0-1"]
[WhiteElo "1458"]
[BlackElo "1397"]
[PlyCount "38"]
[EventDate "2022.10.07"]
[EventType "swiss"]
[EventRounds "5"]
[EventCountry "CAN"]

1. e4 d5 2. exd5 Nf6 3. Nc3 Nxd5 4. Nxd5 Qxd5 5. Nf3 e5 6. b3 e4 7. Bc4 Qf5 8.
Qe2 Be7 9. Nd4 Qe5 10. c3 c5 11. Bb5+ Bd7 12. Nf3 Qf5 13. Bxd7+ Nxd7 14. Ng1
O-O 15. Nh3 Ne5 16. O-O Nf3+ 17. gxf3 exf3 18. Qe5 Qxe5 19. Kh1 Bd6 0-1

[Event "Canada Int. op U1500"]
[Site "Contrecoeur CAN"]
[Date "2022.10.08"]
[Round "2.52"]
[White "Delorme, Daniel"]
[Black "Jutras, Arnaud"]
[Result "0-1"]
[WhiteElo "1301"]
[BlackElo "1457"]
[PlyCount "78"]
[EventDate "2022.10.07"]
[EventType "swiss"]
[EventRounds "5"]
[EventCountry "CAN"]

1. e4 c6 2. d4 d5 3. exd5 cxd5 4. Bd3 Nc6 5. c3 Nf6 6. h3 e6 7. Nf3 Be7 8. O-O
O-O 9. Bc2 b5 10. Re1 Bd7 11. Ne5 Rc8 12. Nd2 b4 13. Ndf3 bxc3 14. bxc3 Na5 15.
Qd3 Qc7 16. Bd2 Nc4 17. Nxd7 Qxd7 18. Ne5 Qc7 19. Ng4 Ne4 20. Bc1 Ncd6 21. f3
Qxc3 22. fxe4 Qxc2 23. Qxc2 Rxc2 24. exd5 h5 25. Ne3 Rc3 26. Bb2 Rd3 27. Rac1
Bg5 28. Rc3 Bxe3+ 29. Rxe3 Rd1+ 30. Kf2 Rd2+ 31. Re2 Ne4+ 32. Ke1 Rxe2+ 33.
Kxe2 Nxc3+ 34. Bxc3 exd5 35. Kd3 Kh7 36. Bb4 Rb8 37. a3 a5 38. Bxa5 Rb3+ 39.
Kc2 Rxa3 0-1

[Event "Canada Int. op U1500"]
[Site "Contrecoeur CAN"]
[Date "2022.10.08"]
[Round "2.53"]
[White "Creo, Jeremie-Thomas"]
[Black "Ghattas, Andrew"]
[Result "0-1"]
[WhiteElo "1447"]
[BlackElo "1345"]
[PlyCount "58"]
[EventDate "2022.10.07"]
[EventType "swiss"]
[EventRounds "5"]
[EventCountry "CAN"]

1. e4 c5 2. Nf3 g6 3. d4 cxd4 4. Qxd4 Nf6 5. e5 Nc6 6. Qd1 Ng4 7. Bf4 Bg7 8.
Nc3 Ngxe5 9. Nxe5 Nxe5 10. Bxe5 Bxe5 11. Qd2 Qa5 12. O-O-O Bxc3 13. Qxc3 Qxc3
14. bxc3 O-O 15. Bb5 d6 16. Rhe1 Be6 17. Ba4 Rac8 18. Kb2 Rc7 19. Bb3 Bxb3 20.
cxb3 Rfc8 21. Rd2 b5 22. Re3 f6 23. f4 h5 24. Rg3 Kf7 25. Re3 a5 26. Rd5 Rc5
27. Red3 Ke6 28. Rxc5 Rxc5 29. b4 axb4 0-1

[Event "Canada Int. op U1500"]
[Site "Contrecoeur CAN"]
[Date "2022.10.08"]
[Round "2.54"]
[White "Lafontaine, Martin"]
[Black "Hebert, Pierre"]
[Result "0-1"]
[WhiteElo "1444"]
[BlackElo "1429"]
[PlyCount "47"]
[EventDate "2022.10.07"]
[EventType "swiss"]
[EventRounds "5"]
[EventCountry "CAN"]

1. e4 c5 2. Nf3 d6 3. Be2 Nf6 4. Nc3 Nc6 5. O-O e6 6. Re1 Be7 7. Bb5 Bd7 8.
Bxc6 Bxc6 9. d4 cxd4 10. Nxd4 O-O 11. Nxc6 bxc6 12. Be3 Qc7 13. Qf3 Nd7 14. Qh3
Ne5 15. Bd4 Ng6 16. Be3 Bf6 17. f4 Rfe8 18. Ne2 Rab8 19. f5 exf5 20. exf5 Ne5
21. Bd4 Nd7 22. Bxf6 Nxf6 23. b3 Ne4 24. Nd4 {illisible} 0-1

[Event "Canada Int. op U1500"]
[Site "Contrecoeur CAN"]
[Date "2022.10.08"]
[Round "2.55"]
[White "Mourad, Michel"]
[Black "Rauch, Damian"]
[Result "1-0"]
[WhiteElo "1235"]
[BlackElo "1443"]
[PlyCount "69"]
[EventDate "2022.10.07"]
[EventType "swiss"]
[EventRounds "5"]
[EventCountry "CAN"]

1. d4 Nf6 2. c4 e6 3. Nc3 d5 4. Bg5 Be7 5. e3 h6 6. Bh4 O-O 7. c5 b6 8. b4 a5
9. a3 axb4 10. axb4 Rxa1 11. Qxa1 bxc5 12. bxc5 Nc6 13. Bb5 Bb7 14. Nf3 Ne4 15.
Bxe7 Qxe7 16. Nxe4 dxe4 17. Bxc6 Bxc6 18. Ne5 Bb5 19. Qb1 Ra8 20. Kd2 c6 21.
Qxe4 Qa7 22. Rc1 Qa5+ 23. Rc3 Qb4 24. Qc2 Ra3 25. Nd3 Qa5 26. Nb2 Ra2 27. Qb3
Bc4 28. Qxc4 Rxb2+ 29. Kd3 Qa1 30. Rc1 Qa5 31. Rc2 Rb4 32. Ra2 Qb5 33. Qxb5
cxb5 34. c6 Rc4 35. Rc2 1-0

[Event "Canada Int. op U1500"]
[Site "Contrecoeur CAN"]
[Date "2022.10.08"]
[Round "2.57"]
[White "Perusse, Jacques"]
[Black "Laramee-Lamoureux, Mickael"]
[Result "1-0"]
[WhiteElo "1408"]
[BlackElo "1298"]
[PlyCount "105"]
[EventDate "2022.10.07"]
[EventType "swiss"]
[EventRounds "5"]
[EventCountry "CAN"]

1. Nf3 Nf6 2. c4 e6 3. Nc3 Bb4 4. a3 Bxc3 5. dxc3 O-O 6. Bg5 d6 7. Qc2 Nbd7 8.
O-O-O b6 9. e4 e5 10. Nd2 Qe7 11. f3 Qe6 12. g3 Bb7 13. h4 Nh5 14. Bh3 Qe8 15.
Nf1 f6 16. Be3 Bc8 17. Qd2 Nc5 18. Bxc5 bxc5 19. Qd5+ Be6 20. Qxe6+ Qxe6 21.
Bxe6+ Kh8 22. Rg1 Rab8 23. Bg4 g6 24. Bxh5 gxh5 25. Ne3 Rb7 26. Nd5 f5 27. exf5
Rxf5 28. f4 e4 29. Rde1 c6 30. Ne3 Rf8 31. Rd1 Rfb8 32. Rg2 Rd7 33. Rf2 Rbd8
34. Rfd2 Kg8 35. b4 cxb4 36. cxb4 Kf7 37. Rd4 d5 38. cxd5 cxd5 39. Rxd5 Rc8+
40. Kb2 Re7 41. Rxh5 Kg6 42. g4 Rec7 43. Rd6+ Kg7 44. Nf5+ Kh8 45. Ne3 Rc3 46.
Rc5 R8xc5 47. bxc5 Rxe3 48. Kc2 Rxa3 49. c6 Ra2+ 50. Kb1 Ra5 51. Rd8+ Kg7 52.
c7 Rb5+ 53. Ka2 1-0

[Event "Canada Int. op U1500"]
[Site "Contrecoeur CAN"]
[Date "2022.10.08"]
[Round "2.58"]
[White "Bergeron, Jean-Guy"]
[Black "Luksza, Patrik"]
[Result "1-0"]
[WhiteElo "1441"]
[BlackElo "1292"]
[PlyCount "89"]
[EventDate "2022.10.07"]
[EventType "swiss"]
[EventRounds "5"]
[EventCountry "CAN"]

1. c4 Nf6 2. Nc3 g6 3. e4 d6 4. d4 Bg7 5. Be2 O-O 6. Nf3 e6 7. O-O c5 8. Bg5 h6
9. Bf4 Nc6 10. d5 exd5 11. exd5 Ne7 12. Nb5 Nf5 13. Bd3 a6 14. Bxf5 axb5 15.
Bxc8 Rxc8 16. cxb5 Nh5 17. Qd2 Nxf4 18. Qxf4 Bxb2 19. Rae1 g5 20. Qg3 f6 21.
Re6 Be5 22. Nxe5 dxe5 23. Qd3 Kg7 24. d6 Rf7 25. Rd1 Qd7 26. Qc4 b6 27. Rd3 Ra8
28. Re7 Rxe7 29. dxe7 Qxe7 30. Qd5 Ra7 31. g3 Qf7 32. Qc6 Qc7 33. Qe6 c4 34.
Rc3 Ra4 35. a3 Qc5 36. Rf3 Qf8 37. Qxb6 Rxa3 38. Qc7+ Kg6 39. Rxa3 Qxa3 40.
Qxc4 Qf3 41. Qc2+ Kg7 42. Qc7+ Kg6 43. b6 e4 44. b7 e3 45. Qc2+ 1-0

[Event "Canada Int. op U1500"]
[Site "Contrecoeur CAN"]
[Date "2022.10.08"]
[Round "2.59"]
[White "Wilson, Renald"]
[Black "Tremblay, Alain2"]
[Result "1-0"]
[WhiteElo "1397"]
[BlackElo "1204"]
[PlyCount "89"]
[EventDate "2022.10.07"]
[EventType "swiss"]
[EventRounds "5"]
[EventCountry "CAN"]

1. e4 c5 2. Nf3 Nc6 3. Bb5 Nd4 4. Nxd4 cxd4 5. d3 Qa5+ 6. c3 Qxb5 7. cxd4 Qb4+
8. Nc3 Qxd4 9. Be3 Qd6 10. O-O Nf6 11. Rc1 a6 12. h3 b5 13. Ne2 Bb7 14. Bc5 Qe5
15. Bd4 Qg5 16. Be3 Qh5 17. Qd2 e5 18. f4 Bb4 19. Qd1 exf4 20. Rxf4 Qg6 21. Rf5
O-O 22. a3 Bd6 23. Qd2 h6 24. Rcf1 Nxe4 25. dxe4 Bxe4 26. R5f2 f5 27. Nf4 Bxf4
28. Bxf4 d5 29. Re1 Rac8 30. Rc1 Rc6 31. Rxc6 Qxc6 32. Qd4 Rc8 33. Re2 Qg6 34.
Qf2 Rc4 35. Be5 Rc1+ 36. Kh2 Rd1 37. Re3 Rd3 38. Re1 h5 39. h4 Qg4 40. Rc1 Qg6
41. Rc7 Qe6 42. Rxg7+ Kf8 43. Qc5+ Ke8 44. Bd6 Rh3+ 45. gxh3 1-0